|
|
|
|
| LEADER |
00000nam0a2200000 4500 |
| 001 |
26536 |
| 005 |
20231101205732.0 |
| 010 |
|
|
|a 58222200516
|
| 010 |
|
|
|a 5-7695-0334-3
|
| 035 |
|
|
|a (RuTPU)RU\TPU\book\26780
|
| 035 |
|
|
|a BOOK00026855
|
| 090 |
|
|
|a 26536
|
| 100 |
|
|
|a 20011209d2000 m y0rusy50 ca
|
| 101 |
0 |
|
|a rus
|
| 102 |
|
|
|a RU
|
| 105 |
|
|
|a y j 000zy
|
| 200 |
1 |
|
|a Общая биология с основами экологии и природоохранной деятельности
|e учебное пособие
|f Е. И. Тупикин
|g Институт развития профессионального образования
|
| 205 |
|
|
|a 2-е изд., стереотип.
|
| 210 |
|
|
|a Москва
|c Академия
|d 2000
|c Изд-во ИРПО
|
| 215 |
|
|
|a 384 с.
|
| 225 |
1 |
|
|a Федеральный комплект учебников
|
| 610 |
1 |
|
|a биология
|
| 610 |
1 |
|
|a клетки
|
| 610 |
1 |
|
|a цитология
|
| 610 |
1 |
|
|a биохимия
|
| 610 |
1 |
|
|a организмы
|
| 610 |
1 |
|
|a размножение
|
| 610 |
1 |
|
|a эволюция
|
| 610 |
1 |
|
|a экология
|
| 610 |
1 |
|
|a биотические факторы
|
| 610 |
1 |
|
|a абиотические факторы
|
| 610 |
1 |
|
|a окружающая среда
|
| 610 |
1 |
|
|a антропогенные воздействия
|
| 610 |
1 |
|
|a промышленная экология
|
| 610 |
1 |
|
|a природа
|
| 610 |
1 |
|
|a охрана
|
| 610 |
1 |
|
|a учебные пособия
|
| 675 |
|
|
|a 57(07)
|v 3
|
| 675 |
|
|
|a 504(07)
|v 3
|
| 700 |
|
1 |
|a Тупикин
|b Е. И.
|
| 712 |
0 |
2 |
|a Институт развития профессионального образования
|2 stltpush
|3 (RuTPU)RU\TPU\col\83
|9 25223
|
| 801 |
|
0 |
|a RU
|b 63413507
|c 20011209
|g PSBO
|
| 801 |
|
2 |
|a RU
|b 63413507
|c 20141015
|g PSBO
|
| 942 |
|
|
|c BK
|